| 000 | 00340 a2200109 4500 | ||
|---|---|---|---|
| 001 | ART_41284 | ||
| 005 | 20260410161942.0 | ||
| 008 | 260409a | ||
| 245 | 1 | 0 | _aNuevo régimen complementario de la ley de riesgos del trabajo |
| 100 | 1 | _aDuarte, David | |
| 773 | 0 |
_tTemas de derecho laboral _g- Nº 3 (mar. 2017) _wREV27619 |
|
| 999 |
_c29628 _d29628 |
||